000 00576nam a22001817a 4500
005 20251108172535.0
008 250721s2001 xx 000 0 ara d
082 1 4 _a001.42/جبر
100 1 _aجبرين، علي
245 1 0 _aأساسيات البحث العلمي وكتابة التقارير العلمية والعملية /
264 1 _aعمان :
_bدار ومكتبة الحامد،
_c2001.
300 _a285 ص
650 1 7 _aالأبحاث
650 1 7 _aالإسلوب العلمي
650 1 7 _aنتائج البحث
942 _2ddc
_cBK
999 _c82029
_d82029